Hannibal's war: a military history of the second punic war
Saved in:
| Hovedforfatter: | |
|---|---|
| Format: | Bog |
| Sprog: | engelsk |
| Udgivet: |
Aris and Phillips
1978
|
| Fag: | |
| Tags: |
Tilføj Tag
Ingen Tags, Vær først til at tagge denne postø!
|
MARC
| LEADER | 00000nam a2200000 a 4500 | ||
|---|---|---|---|
| 001 | UCP9102 | ||
| 003 | CL-VaPUC | ||
| 008 | 000317e19780000UK |||||||||||||||||eng|d | ||
| 082 | 0 | 4 | |a 937.04 |b LAZ |2 21 |
| 100 | 0 | |a Lazenby, J. F |e author |9 439455 | |
| 245 | 1 | 0 | |a Hannibal's war: a military history of the second punic war |
| 300 | |a 340 p | ||
| 942 | |c BK | ||
| 945 | |d 20000317 00:00:00 |a rherrera | ||
| 260 | |b Aris and Phillips |c 1978 | ||
| 600 | 0 | |a Aníbal de Cartago |d 247 a.C-182 a.C |9 438168 | |
| 650 | 0 | |a Historia antigua |9 267521 | |
| 650 | 7 | |a ROMA |2 CL-VaPUC |9 317375 | |
| 650 | 7 | |a CARTAGO |2 CL-VaPUC |9 439360 | |
| 650 | 0 | |a Guerras púnicas |9 318990 | |
| 650 | 7 | |a INVASIONES |2 CL-VaPUC |9 392362 | |
| 583 | |a last modification |c 20130608 05:58:43 |k Rodrigo Vera | ||
| 999 | |c 285952 |d 285950 | ||
| 952 | |0 0 |1 0 |4 0 |6 937_040000000000000_LAZ_1978 |7 0 |8 A |9 330826 |a BIBHIS |b BIBHIS |d 2019-11-20 |i 1395971 |o 937.04 LAZ 1978 |p 1395971 |r 2025-01-20 |w 2019-11-20 |y BK |k HIS | ||